<?xml version="1.0" encoding="UTF-8"?>
<marc:record xmlns:marc="http://www.loc.gov/MARC21/slim">
   <marc:leader>00000nam a2200000 a 4500</marc:leader>
   <marc:datafield ind1="0" ind2="0" tag="245">
      <marc:subfield code="a">I love my Dad</marc:subfield>
   </marc:datafield>
   <marc:datafield ind1="0" ind2="0" tag="245">
      <marc:subfield code="b">Ein Papa zum Knutschen</marc:subfield>
   </marc:datafield>
   <marc:datafield ind1=" " ind2="1" tag="264">
      <marc:subfield code="a">Höfen</marc:subfield>
      <marc:subfield code="b">Plaion</marc:subfield>
      <marc:subfield code="c">2022</marc:subfield>
   </marc:datafield>
   <marc:datafield ind1="1" ind2=" " tag="490">
      <marc:subfield code="a">5</marc:subfield>
   </marc:datafield>
   <marc:datafield ind1="1" ind2=" " tag="520">
      <marc:subfield code="a">Chuck hat seinen Sohn Franklin jahrelang im Stich gelassen und sich wenig für ihn interessiert. Jetzt will er unbedingt wieder Kontakt zu ihm, aber Franklin hat daran kein Interesse und blockt seinen Vater auf allen Social-Media-Kanälen. Weshalb Chuck zu drastischen Mitteln greift: Er gibt sich als hübsche junge Kellnerin aus, um eine Internet-Freundschaft mit seinem Sohn aufzubauen. Doch Franklin verliebt sich Hals über Kopf in die imaginäre Freundin und wünscht sich nichts mehr, als sie endlich im echten Leben kennenlernen...</marc:subfield>
   </marc:datafield>
   <marc:datafield ind1=" " ind2=" " tag="020">
      <marc:subfield code="a">4020628618629</marc:subfield>
      <marc:subfield code="9">4020628618629</marc:subfield>
   </marc:datafield>
   <marc:datafield ind1="0" ind2=" " tag="490">
      <marc:subfield code="v">0</marc:subfield>
   </marc:datafield>
   <marc:datafield ind1=" " ind2=" " tag="300">
      <marc:subfield code="a">ca. 92 Min.</marc:subfield>
   </marc:datafield>
</marc:record>
